Name all Pixar movies in 90 seconds - Statistics

General Stats
  • This quiz has been taken 38 times
  • The average score is 15 of 26
Answer Stats
Year Movie % Correct
1995 Toy Story
97%
1999 Toy Story 2
86%
2010 Toy Story 3
83%
2004 The Incredibles
80%
2006 Cars
77%
2001 Monsters Inc.
74%
2019 Toy Story 4
71%
2011 Cars 2
69%
2003 Finding Nemo
66%
2018 Incredibles
63%
2009 Up
63%
1998 A Bugs Life
60%
2015 Inside Out
60%
2008 WALL-E
60%
2017 Cars 3
57%
2016 Finding Dory
57%
2013 Monsters University
57%
2007 Ratatouille
51%
2020 Soul
49%
2017 Coco
46%
2012 Brave
43%
2021 Luca
43%
2020 Onward
37%
2015 The Good Dinosaur
34%
2022 Turning Red
34%
2022 Lightyear
29%
No matching quizzes found
Score Distribution
Percent of People with Each Score
Percentile by Number Answered
Your Score History
You have not taken this quiz